Catalog

Record Details

Catalog Search



While justice sleeps : a novel  Cover Image Book Book

While justice sleeps : a novel / Stacey Abrams.

Abrams, Stacey, (author.).

Summary:

"An inside-Washington thriller about an ambitious law clerk thrown into a life-or-death treasure hunt with major national implications when the Supreme Court justice she works for slips into a sudden coma"-- Provided by publisher.
Avery Keene, a law clerk for the legendary Justice Howard Wynn, is doing her best to excel in an arduous job with the court while also dealing with a troubled family. When the news breaks that Justice Wynn-- the cantankerous swing vote on many current high-profile cases-- has slipped into a coma, Avery is notified that Justice Wynn has left instructions for her to serve as his legal guardian and power of attorney. Avery finds that Justice Wynn had been secretly researching one of the most controversial cases before the court: a proposed merger between an American biotech company and an Indian genetics firm. She comes to see that Wynn had a personal stake in the controversial case-- and finding the truth will put Avery into harm's way. -- adapted from jacket

Record details

  • ISBN: 9780385546577
  • ISBN: 0385546572
  • Physical Description: 366 pages ; 25 cm
  • Edition: First edition.
  • Publisher: New York : Doubleday, [2021]
Subject: Law clerks > Fiction.
United States. Supreme Court > Fiction.
Judges > United States > Fiction.
Consolidation and merger of corporations > Fiction.
Washington (D.C.) > Fiction.
Genre: Political fiction.
Thrillers (Fiction)
Legal fiction (Literature)

Available copies

  • 1 of 1 copy available at scottsboropl.

Holds

  • 0 current holds with 1 total copy.
Show Only Available Copies
Location Call Number / Copy Notes Barcode Shelving Location Status Due Date
scottsboropl F Abr 32269001169625 Adult - Fiction Available -

LDR 03259cam a2200589Ii 4500
001155843
003SBPL
00520210524162616.0
008210428s2021 nyu 000 1 eng
010 . ‡a 2020046349
020 . ‡a9780385546577 ‡q(hardcover)
020 . ‡a0385546572 ‡q(hardcover)
020 . ‡z9780385546584 ‡q(epub)
035 . ‡a(OCoLC)1248723801
043 . ‡an-us-dc
05000. ‡aPS3601.B746 ‡bW45 2021
08200. ‡a813/.6 ‡223
1001 . ‡aAbrams, Stacey, ‡eauthor.
24510. ‡aWhile justice sleeps : ‡ba novel / ‡cStacey Abrams.
250 . ‡aFirst edition.
264 1. ‡aNew York : ‡bDoubleday, ‡c[2021]
300 . ‡a366 pages ; ‡c25 cm
336 . ‡atext ‡btxt ‡2rdacontent
337 . ‡aunmediated ‡bn ‡2rdamedia
338 . ‡avolume ‡bnc ‡2rdacarrier
520 . ‡a"An inside-Washington thriller about an ambitious law clerk thrown into a life-or-death treasure hunt with major national implications when the Supreme Court justice she works for slips into a sudden coma"-- ‡cProvided by publisher.
520 . ‡aAvery Keene, a law clerk for the legendary Justice Howard Wynn, is doing her best to excel in an arduous job with the court while also dealing with a troubled family. When the news breaks that Justice Wynn-- the cantankerous swing vote on many current high-profile cases-- has slipped into a coma, Avery is notified that Justice Wynn has left instructions for her to serve as his legal guardian and power of attorney. Avery finds that Justice Wynn had been secretly researching one of the most controversial cases before the court: a proposed merger between an American biotech company and an Indian genetics firm. She comes to see that Wynn had a personal stake in the controversial case-- and finding the truth will put Avery into harm's way. -- adapted from jacket
650 0. ‡aLaw clerks ‡vFiction.
61010. ‡aUnited States. ‡bSupreme Court ‡vFiction.
650 0. ‡aJudges ‡zUnited States ‡vFiction.
650 0. ‡aConsolidation and merger of corporations ‡vFiction.
651 0. ‡aWashington (D.C.) ‡vFiction.
655 7. ‡aPolitical fiction. ‡2lcgft
655 7. ‡aThrillers (Fiction) ‡2lcgft
655 7. ‡aLegal fiction (Literature) ‡2lcgft
901 . ‡a155843 ‡b ‡c155843 ‡tbiblio

Additional Resources